-
BADGER, WALTER L. AND JULIUS,T.BANCHERO
Entry Personal Name
Number of records used in: 1
001 - CONTROL NUMBER
003 - CONTROL NUMBER IDENTIFIER
005 - DATE AND TIME OF LATEST TRANSACTION
- control field:
20210306161000.0
008 - FIXED-LENGTH DATA ELEMENTS
- fixed length control field:
210306|| aca||aabn | a|a d
040 ## - CATALOGING SOURCE
- Original cataloging agency:
OSt
- Transcribing agency:
OSt
100 ## - HEADING--PERSONAL NAME
- Personal name:
BADGER, WALTER L. AND JULIUS,T.BANCHERO
670 ## - SOURCE DATA FOUND
- Source citation:
Work cat.: (OSt): BADGER, WALTER L. AND JULIUS,T.BANCHERO, INTRODUCTION TO CHEMICAL ENGINEERING